| 000 | 00406nam a2200169Ia 4500 | ||
|---|---|---|---|
| 001 | 13296 | ||
| 005 | 20260306164750.0 | ||
| 008 | 260306t9999||||xx |||||||||||||| ||spa|| | ||
| 041 | _aESP | ||
| 082 |
_a001.42 _bM26T |
||
| 100 |
_aMaravĂ Zegarra, Ronald _eAUT |
||
| 245 | 0 | _aLa tesis univesitaria | |
| 300 |
_avi, 37 páginas : _c20 cm. |
||
| 650 | _aGEN | ||
| 654 | _aCHU | ||
| 942 |
_cLIB _dJUS _fJUS _2ddc _n |
||
| 999 |
_c13296 _d13296 |
||